000 00415nam a22001457a 4500
005 20200612114218.0
008 200612b xxu||||| |||| 00| 0 eng d
082 _a345.4 AIR
110 _aALL INDIA REPORTER
_96022
245 _aALL INDIA REPORTER, [2003] [VOL-90] SUPREME COURT SECTION MONTHLY DIGEST
260 _aMUMBAI
_bALL INDIA REPORTER, PVT. LTD.
300 _a720;p
650 _aLAW
_95701
942 _cJRL
999 _c7081
_d7079